| 000 | 00768cam a22002531 4500 | ||
|---|---|---|---|
| 001 | sa 65010268 | ||
| 003 | DLC | ||
| 005 | 20260227112207.0 | ||
| 008 | 800130s1964 pk b b 000 0 eng | ||
| 010 | _asa 65010268 | ||
| 025 | _aPL480:P-E-583 | ||
| 035 | _a(OCoLC)5928486 | ||
| 040 |
_aDLC _cHU _dDLC |
||
| 042 | _apremarc | ||
| 050 | 0 | 0 |
_aHT147.P25 _bR8 |
| 100 | 1 | _aRudduck, Grenfell. | |
| 245 | 1 | 0 |
_aTowns & villages of Pakistan, _ba study. |
| 260 |
_aKarachi, _bManager of Publications, _c1964. |
||
| 300 |
_aii, 229, 2 p. _bmaps. _c24 cm. |
||
| 500 | _aAt head of title: Govt. of Pakistan, Planning Commission. | ||
| 504 | _a"Bibliographical notes and references" : p. 203-229. | ||
| 650 | 0 |
_aCities and towns _zPakistan. |
|
| 650 | 0 |
_aVillages _zPakistan. |
|
| 999 |
_c66659 _d66659 |
||